000 01350cam a22004334i 4500
003 PE-LiUPU
005 20250731173300.0
008 150625s1939 cc r 000 0 chn d
035 _a(Sirsi) a36046
040 _aPE-LiUPU
_bspa
_cPE-LiUPU
_erda
049 _aPRUA
082 0 4 _a220.9517
_bA629
_221
130 _aBiblia.
_lChino.
_f1939.
212 _aXīn jiù yuē quánshū
242 _aAntiguo y Nuevo Testamento
245 0 1 _a[Antiguo y Nuevo Testamento] :
_b[Biblia traducida al cantonés] /
_c[China Bible House].
264 1 _aChina :
_bChina Bible House,
_c1939.
300 _a1414 páginas ;
_c19 centímetros
336 _atext
_2rdacontent
337 _aunmediated
_2rdamedia
338 _avolume
_2rdacarrier
500 _aBiblia en Chino Cantonés, Antiguo y Nuevo testamento. Datos traducidos al español en la biblioteca de la Universidad Peruana Unión
505 0 _aAntiguo y Nuevo Testamento en Chino cantonés.
526 _aSEG42
526 _aSEG41
526 _aSEG40
526 _aSEG39
526 _aP94
526 _aP87
526 _aP86
526 _aP85
526 _aP77
526 _aP76
526 _aP35
630 1 4 _aBiblia.
_lChino cantonés
_f1939.
942 _2ddc
_cBK
980 _81
_gALBERTO SANCHEZ Responsable de Automatización
999 _c44076
_d44076